Statistiques concernant les 15 couleurs...

Cliquez ici pour prendre le quiz!

Statistiques générales

  • Ce quiz a été pris 152 fois
    (67 depuis la dernière actualisation)
  • Le résultat moyen est 12 sur 15

Statistiques - réponses

réponse% Correct
rouge
100%
vert
100%
blanc
98%
bleu
98%
noir
98%
violet
98%
jaune
97%
orange
97%
rose
95%
gris
87%
marron
87%
beige
55%
indigo
25%
doré
17%
argenté
15%

Distribution des résultats

Percentile par nombre de réponses

% des personnes avec chaque résultat

Votre développement - résultats

Vous n’avez pas pris ce quiz depuis la dernière actualisation